00686 2200229 4500001002100000005001500021035002000036245010900056100002000165250001100185300002500196700002100221260004400242082001200286084001800298020002200316650002000338520003500358008004100393990001100434990001100445INLIS00000000000174920241204105223 a0010-12240000021 aSelf Healing With Qur'an :bJangan Galau! Kau Tidak Butuh Liburan, Tetapi Baca Qur'an /cUmmu Kalsum IQT0 aUmmu Kalsum IQT acet. 8 avi, 186 hlm ;c20 cm0 aEsti Utami, S.Pd aSemarang :bSyalmahat Publishing,c2023 a297.261 a297.261 UMM s a978-623-5269-01-6 4aPsikologi Islam aAs You Live for the First Time241204 0  a003639 a003640